|
|
|
|
| LEADER |
01665nam a22002897a 4500 |
| 001 |
27325 |
| 003 |
BD-DhAAL |
| 007 |
27325 |
| 008 |
130728s2001 bg ||||| bd|| 00| 0 ben |
| 999 |
|
|
|c 13746
|d 13746
|
| 020 |
|
|
|a 9840741128
|
| 040 |
|
|
|a BD-DhAAL
|c BD-DhAAL
|
| 082 |
|
|
|2 22
|a 631.5/203
|
| 100 |
|
|
|a ভূঁইয়া, মোঃ শহীদুর রশীদ
|9 2357
|
| 245 |
|
|
|a কৌলিতত্ত্ব ও উদ্ভিদ প্রজনন শব্দকোষ /
|c মোঃ শহীদুর রশীদ ভূঁইয়া
|
| 260 |
|
|
|a ঢাকা :
|b সুব্রত বিকাশ বড়ুয়া, বাংলা একাডেমী,
|c ২০০১
|
| 300 |
|
|
|a ২২৭ পৃষ্ঠা ;
|c ২৩ সে. মি.
|
| 505 |
|
|
|a তথ্যপঞ্জী (পৃষ্ঠা [২২৫-২২৭])
|
| 541 |
|
|
|e 27325
|
| 650 |
|
|
|a Plant breeding.
|b Crops
|v Dictionaries
|x Genetics.
|9 2358
|
| 650 |
|
|
|a উদ্ভিদ প্রজনন
|v শব্দকোষ.
|9 44835
|
| 650 |
|
|
|a Pharmacy.
|9 44836
|
| 852 |
|
|
|a Ayesha Abed Library
|c General Stacks
|
| 942 |
|
|
|2 ddc
|c BK
|
| 952 |
|
|
|0 0
|1 0
|2 ddc
|4 0
|6 631_520300000000000_BHU
|7 0
|9 22996
|a BRACUL
|b BRACUL
|c GEN
|d 2013-07-28
|e Bangla Academy
|g 270.00
|l 1
|o 631.5203 BHU
|p 3010027325
|r 2013-07-28
|s 2013-07-28
|t 1
|w 2013-07-28
|y BK
|
| 952 |
|
|
|0 0
|1 0
|2 ddc
|4 0
|6 631_520300000000000_BHU
|7 0
|9 22997
|a BRACUL
|b BRACUL
|c GEN
|d 2013-07-28
|e Bangla Academy
|g 270.00
|l 0
|o 631.5203 BHU
|p 3010027326
|r 2013-07-28
|t 2
|w 2013-07-28
|y BK
|
| 952 |
|
|
|0 0
|1 0
|2 ddc
|4 0
|6 631_520300000000000_BHU
|7 0
|9 22998
|a BRACUL
|b BRACUL
|c GEN
|d 2013-07-28
|e Bangla Academy
|g 270.00
|l 0
|o 631.5203 BHU
|p 3010027327
|r 2013-10-22
|t 3
|w 2013-07-28
|y BK
|